Vista normal Vista MARC

Entrada Personal Name

Número de registros utilizados en: 1

001 - CONTROL NUMBER

  • control field: 26668

003 - CONTROL NUMBER IDENTIFIER

  • control field: OSt

005 - DATE AND TIME OF LATEST TRANSACTION

  • control field: 20210310224114.0

008 - FIXED-LENGTH DATA ELEMENTS

  • fixed length control field: 210310|| aca||aabn | a|a d

040 ## - CATALOGING SOURCE

  • Original cataloging agency: OSt
  • Transcribing agency: OSt

100 ## - HEADING--PERSONAL NAME

  • Personal name: Florez, Carmen Elisa; Mendez, Regina

670 ## - SOURCE DATA FOUND

  • Source citation: Work cat.: (OSt): Florez, Carmen Elisa; Mendez, Regina, Niñas, niños y jovenes trabajadores Colombia 1996, 1998